Exact Stationary Solutions for the Classical Relatinistic

Bibliographic Details
Main Author: Chern, De Ching
Format: Section = Libro
Language:Undetermined
Spanish
Published: United States Temple University 1971
Subjects:
LEADER 00497nam a2200181Ia 4500
008 240830s9999 xx 000 0 und d
040 |a CEDOC FIQ-RUSB / 539 C521 
041 |a spa 
082 |a 539 C521 
100 1 |a Chern, De Ching 
245 1 0 |a Exact Stationary Solutions for the Classical Relatinistic 
260 |a United States  |b Temple University  |c 1971 
300 |a 144 p.: il. 
650 7 |a FISICOQUIMICA 
650 7 |b  EL CASO ELECTROMAGNÉTICO 
942 |c BK  |2 ddc 
991 |a TEXTO 
999 |c 13361